Comuni del Molise - Statistics

Statistiche generali
  • Questo quiz è stato fatto 10 volte
  • Il punteggio medio è 31 su 136
Statistiche sulle risposte
Provincia Comune % Corretto
Termoli
100%
Campobasso
89%
Campomarino
78%
Isernia
78%
Venafro
67%
Montenero di Bisaccia
56%
Pozzilli
56%
Agnone
44%
Bojano
44%
Larino
44%
Pesche
44%
Riccia
44%
San Giuliano di Puglia
44%
Trivento
44%
Ururi
44%
Bagnoli del Trigno
33%
Carovilli
33%
Isernia Carpinone
33%
Castel San Vincenzo
33%
Ferrazzano
33%
Filignano
33%
Fornelli
33%
Frosolone
33%
Guardialfiera
33%
Longano
33%
Molise
33%
Pescolanciano
33%
Pescopennataro
33%
Petacciato
33%
Ripalimosani
33%
Roccamandolfi
33%
San Martino in Pensilis
33%
Scapoli
33%
Sepino
33%
Sessano del Molise
33%
Sesto Campano
33%
Toro
33%
Vinchiaturo
33%
Campobasso Acquaviva Collecroce
22%
Isernia Acquaviva d'Isernia
22%
Baranello
22%
Bonefro
22%
Campochiaro
22%
Campolieto
22%
Cantalupo del Sannio
22%
Capracotta
22%
Casacalenda
22%
Castelverrino
22%
Cercepiccola
22%
Cerro al Volturno
22%
Civitacampomarano
22%
Civitanova del Sannio
22%
Colle d'Anchise
22%
Colletorto
22%
Colli a Volturno
22%
Duronia
22%
Gildone
22%
Guardiaregia
22%
Jelsi
22%
Macchia d'Isernia
22%
Macchiagodena
22%
Miranda
22%
Montagano
22%
Monteroduni
22%
Oratino
22%
Pietrabbondante
22%
Portocannone
22%
Rionero Sannitico
22%
Rocchetta a Volturno
22%
San Massimo
22%
San Pietro Avellana
22%
Sant'Agapito
22%
Sant'Elena Sannita
22%
Sant'Elia a Pianisi
22%
Tufara
22%
Belmonte del Sannio
11%
Busso
11%
Campodipietra
11%
Casalciprano
11%
Castelbottaccio
11%
Castellino del Biferno
11%
Castelmauro
11%
Castelpetroso
11%
Castelpizzuto
11%
Castropignano
11%
Cercemaggiore
11%
Chiauci
11%
Conca Casale
11%
Forlì del Sannio
11%
Fossalto
11%
Gambatesa
11%
Guglionesi
11%
Limosano
11%
Lucito
11%
Lupara
11%
Mafalda
11%
Matrice
11%
Mirabello Sannitico
11%
Monacilioni
11%
Montaquila
11%
Montecilfone
11%
Montefalcone nel Sannio
11%
Montelongo
11%
Montemitro
11%
Montenero Val Cocchiara
11%
Campobasso Montorio nei Frentani
11%
Morrone del Sannio
11%
Petrella Tifernina
11%
Pettoranello del Molise
11%
Pietracatella
11%
Pietracupa
11%
Pizzone
11%
Poggio Sannita
11%
Provvidenti
11%
Ripabottoni
11%
Roccasicura
11%
Rotello
11%
San Felice del Molise
11%
San Giacomo degli Schiavoni
11%
San Giovanni in Galdo
11%
San Giuliano del Sannio
11%
San Polo Matese
11%
Santa Croce di Magliano
11%
Sant'Angelo del Pesco
11%
Sant'Angelo Limosano
11%
Spinete
11%
Tavenna
11%
Vastogirardi
11%
Castel del Giudice
0%
Macchia Valfortore
0%
Palata
0%
Roccavivara
0%
Salcito
0%
San Biase
0%
Santa Maria del Molise
0%
Torella del Sannio
0%
Nessun quiz corrispondente trovato
Distribuzione punteggi
Percentuale di utenti per punteggio
Percentile per numero di risposta
I tuoi punteggi nel tempo
Non hai fatto questo quiz